Propping life with bamboo : case study of self-help approach to natural resource management featuring the Davao Bamboo Development Cooperative

Bibliographic Details
Main Author: RIKKEN
Corporate Author: Asian Social Institute
Format: Book
Published: Manila, Philippines : Published by Asian Social Institute in cooperation with Deutsche Gesellschaft für Technische Zusammenarbeit (GTZ) GmbH , 1994
Subjects:

MARC

LEADER 00000cam a2200000 7i4500
001 0000002374
005 20030531.0
020 0 0 |a 9718543317 
090 0 0 |a 584.909599   |b RIK 1994 
100 1 0 |a RIKKEN   |h Gerard 
245 1 0 |a Propping life with bamboo :   |b case study of self-help approach to natural resource management featuring the Davao Bamboo Development Cooperative   |c by Gerard Rikken 
260 0 0 |a Manila, Philippines :   |b Published by Asian Social Institute in cooperation with Deutsche Gesellschaft für Technische Zusammenarbeit (GTZ) GmbH ,   |c 1994 
300 |a 70 p. :   |b ill. ;   |c 22 cm. 
500 0 0 |a Includes bibliographical references (p. 70) 
650 0 0 |a Bamboo   |z Philippines   |z Davao (Province) 
710 1 1 |a Asian Social Institute 
998 |a JPSM 
999 |a 0000004248   |b Monograph   |c Open Shelf   |e Default branch 
999 |a 0000004258   |b Monograph   |c Open Shelf   |e Default branch